000 00462cam a2200157Mi 4500
020 _a9789251063712
020 _a9251063710
040 _cGBVCP
082 _a338 FAO 2009 A013 Or.
245 0 4 _aThe evolving structure of world agricultural trade :
_bimplications for trade policy and trade agreements /
260 _aRome :
_bFAO,
_c2009.
300 _aXII, 312 S. :
_bgraph. Darst.
500 _aEnth. 10 Beitr.
700 1 _aSarris, Alexander.
942 _cEK
999 _c13317
_d13317